JetPunk will be down very briefly at 3:00PM EST (12:00PM PST, 8:00PM GST)

Statistics for Biggest Cities in Norway Quiz

Click here to take the quiz!

General Stats

  • This quiz has been taken 51 times
  • The average score is 6 of 14

Answer Stats

PopulationCity% Correct
1,000,467Oslo
100%
255,464Bergen
93%
183,378Trondheim
91%
222,697Stavanger
80%
117,510Drammen
42%
112,464Fredrikstad
36%
93,065Skien
31%
52,626Ålesund
31%
43,396Arendal
27%
63,441Kristianstad
24%
44,046Sandefjord
20%
51,887Tønsberg
18%
44,873Haugesund
18%
47,008Moss
16%

Score Distribution

Percentile by Number Answered

Percent of People with Each Score

Your Score History

You have not taken this quiz